| 000 | 00774nam a22002295i 4500 | ||
|---|---|---|---|
| 001 | 176349 | ||
| 003 | ES-MaACL | ||
| 005 | 20230906220044.0 | ||
| 008 | 110111s1981 sp |||| | spa d | ||
| 020 | _a84-277-0442-9 | ||
| 080 | _a821.134.2(72) Rulfo, Juan 1.07 | ||
| 100 | 1 |
_aPortal, Marta. _993192 |
|
| 245 | 1 | 0 |
_aAnálisis semiológico de "Pedro Páramo" / _cMarta Portal. |
| 260 |
_aMadrid : _bNarcea, _c[1981] |
||
| 300 |
_a198 p. ; _c18 cm. |
||
| 490 | 1 |
_aBitácora. Biblioteca del estudiante ; _v70 |
|
| 504 | _aBibliografía: p. 194-198. | ||
| 600 | 1 | 4 |
_aRulfo, Juan ( _d1917-1986)- _xCrítica e interpretación. _9173453 |
| 830 | 1 |
_aBitácora. Biblioteca del estudiante ; _v70 _9181903 |
|
| 852 |
_aES-MaACL _jE-13993 _xOlim P-1892 |
||
| 999 |
_c176349 _d176349 |
||